MARC

LEADER 00000nam0a2200000 4500
001 69891
005 20231031080357.0
035 |a (RuTPU)RU\TPU\book\74428 
090 |a 69891 
100 |a 20041104d1974 km y0rusy50 ca 
101 0 |a rus 
102 |a RU 
105 |a a z 001zy 
200 1 |a Полипропилен (свойства и применение)  |f Д. В. Иванюков, М. Л. Фридман 
210 |a Москва  |c Химия  |d 1974 
215 |a 272 с.  |c ил. 
300 |a Библиогр.в конце глав 
320 |a Предметный указатель: с. 267-270. 
610 1 |a полипропилен 
610 1 |a физико-механические свойства 
610 1 |a вязкость 
610 1 |a полипропиленовые композиции 
610 1 |a свойства 
610 1 |a модификация 
610 1 |a производство 
610 1 |a полипропиленовые изделия 
610 1 |a применение 
675 |a 679.56.742  |v 3 
700 1 |a Иванюков  |b Д. В.  |g Демид Васильевич 
701 1 |a Фридман  |b М. Л.  |g Михаил Лазаревич 
801 1 |a RU  |b 63413507  |c 20041104  |g PSBO 
801 2 |a RU  |b 63413507  |c 20201028  |g PSBO 
942 |c BK